000 00778nam a22002297a 4500
999 _c12150
_d12150
003 AR-CdUCM
008 190408b ||||| |||| 00| 0 spa d
020 _a84-85856-16-3
040 _aMUNICIPALIDAD PROVINCIAL DEL CUSCO
_cBIBLIOTECA MUNICIPAL DEL CUSCO
082 _aES / 423 /
_bD73
110 _aEdiciones mediterráneo
_929851
245 _aDiccionario básico ilustrado :
_bEspañol ingles /
260 _aEspaña :
_bEdiciones mediterráneo,
_c1982.
300 _a4 volúmenes
_c25 cm.
505 _aContenido :v.1. a - c -- v.2. ch - i -- v.3. j - q -- v.4. r - z.
650 _aDiccionario
_95196
650 _aIdioma español
_928486
650 _aInglés
_97365
700 _aLarsen Sadi (traductora)
_929852
942 _2ddc
_cLIBROS
945 _arum
_d2019-04-08